Quizzes
Events
Quiz Creation
Community
Videos
Private Events
Remove Ads
Sign In
Join for FREE
Feedback
Dark Mode
Quiz Categories
Sports
Geography
Music
Movies
Television
Just For Fun
Miscellaneous
History
Literature
Language
Science
Gaming
Entertainment
Religion
Holiday
For Kids
Quiz Lab
Recent
Popular Today
Quiz Kudos Today
Editor Picks
Curator Picks
Quizzes by...
Day
Popularity
Type
Ratings
Length
Year
Community
Subscriptions
Recent Discussions
Orange Saloon
Badges
Playlists
Quests
Create
Leaderboards
Showdown
Live 5
Trivia Bingo
Activity
Puzzle Library
Sporcle Events
Private Events
Virtual Trivia
Globe League
Become a Host
Pub Owners
SporcleCon
Opinionation
Our Games
Videos
Blog
Mobile Apps
Partnerships
Remove Ads and Go Orange
Feedback
Gaming
Video Games
Board Games
Card Games
Pokémon
Mario
Nintendo
Minecraft
Console
Toys
Legend of Zelda
Gaming
Video Games
Board Games
Card Games
Pokémon
Mario
Nintendo
Minecraft
Console
Toys
Legend of Zelda
Random Quiz
Search Sporcle
×
Quiz Lab
Quiz Lab
Gaming
cosmetic
Type in answers that appear in a list
Type in answers that appear in a list
Classic
Best Score? Go Orange.
Fortbytes Stats
Fortbytes
By
jacdan023
7m
17 Questions
5 Plays
5 Plays
5 Plays
Comments
Comments
Give Quiz Kudos
Give Quiz Kudos
-
- Ratings
hide this ad
More Info
Forced Order
Answers have to be entered in order
Answers have to be entered in order
Replay
Link that replays current quiz
Next Quiz
Link to next quiz in quiz playlist
You Got
0%
They Got
Avg Score
83%
Avg Friend Score
Upgrade to see
Score Distribution
Jump to the score distribution portion of the page
Score
0/17
Timer
07:00
0
Plays Today
Cosmetic
number of fortbytes
% Correct
Singularity
90
100%
Nana cape
40
100%
Rox double picaxe
45
100%
Bunker Jonesy double picaxe
30
100%
Stratus back bling
65
100%
Vendetta 11 stage
80
80%
Vendetta 12 STAGE
85
80%
vega final stage
55
80%
Rox skirt
5
80%
Cosmetic
number of fortbytes
% Correct
Rox orange
15
80%
rox skirt 2
25
80%
rox black
35
80%
demi back bling
75
80%
80%
demi picaxe
70
80%
Vega 3 stage
50
60%
sentinel emote
20
60%
Quiz Playlist
Details
Report
Send in Message
Add To Playlist
More Info:
match the fortbytes with the correct cosmetic shout out to A.A R.D
Classic:
Type in answers that appear in a list
Forced Order:
Answers have to be entered in order
Last Updated: Jul 9, 2019
Quiz Scoreboard
CHALLENGE
Sign Up to Join the Scoreboard
Show All
Scores
Hide
Comments
May contain spoilers
Recently Published
Billboard Blitz: Fleetwood Mac
by CooCooCachoo
Music
15s
Presidents Visiting Landmarks
by Hejman
History
7m
An Introduction to Baseball
by treessimontrees
Sports
5m
More to Explore
Quiz From the Vault
Featured Blog Post
Where Did the Easter Bunny Come From?
hide this ad
You Might Also Like...
Tags
cosmetic
Today's Top Quizzes in Gaming
Browse Gaming
hide this ad
Today's Top Quizzes in cosmetic
Browse cosmetic
Top Contributed Quizzes in Gaming
1
5-to-1: Consoles
2
7-to-1: Board Game Piece Blitz
3
5-to-1: Legend of Zelda
4
Destiny 2 exotic weapons by perk icons
5
League of Legends Pro Players by Career/Team History
6
Ultimate Genshin Impact Logic Puzzle (up to 4.3)
7
Franchise by Action Figure
8
Genshin Impact Logic Puzzle Quiz
9
Who's on the WWE 2K24 Cover?
10
Overwatch Logic Puzzle
Explore More
Trending Topics
Marvel
Harry Potter
NBA
Anime
Kpop
Crossword
Disney
The Office
Pokémon
Song
NFL
Country
Puzzle
Soccer
WWE
hide this ad
More By:
jacdan023
Quiz
Plays
Rating
Category
Featured
Created
AFL quiz
366
1.00
Sports
Jul 9, 2019
AFL team quiz
203
2.50
Sports
Jul 9, 2019
north melbourne players 2019
195
3.00
Sports
Jul 15, 2019
carlton players 2019
31
1.00
Sports
Jul 21, 2019
melbourne players 2019
28
1.00
Sports
Jul 14, 2019
Go to Creator's Profile
Score Distribution
Quiz Creator Spotlight
jacdan023
Follow
Send a Message
Quizzes Created
-
Created Quiz Play Count
-
More By This Creator
Popular Quizzes Today
1
Find the US States - No Outlines Minefield
2
Find the Countries of Europe - No Outlines Minefield
3
The Countries of the World
4
Find the US States
5
Risky Map Clicking: Biggest States A-Z
6
US States
7
Popular People in 1961
8
Movies - When Are They Set?
More Gaming Quizzes
Undertale - Start to Finish (Neutral-Pacifist)
Quiz Lab
Trending Quizzes
Risky Map Clicking: Least Populous States A-Z
1-10 Letter G Words
1-10 Letter F Words
Risky Map Clicking: Next State Alphabetically
Risky Map Clicking: Biggest States A-Z
Recently Updated
Leaping Animals
pecheneg
Reality TV Shows (A-Z)
bhenderson79
Rickey Henderson's Hall of Fame Teammates
pecheneg
Champions League XIs: Arsenal
pecheneg
Quick Pick: Celebrities in WWE's Hall of Fame
aduchscher
A-Z Keypad Blitz II
pecheneg
Multiple Oscar Actors
pecheneg
Mystery Phrase Blitz: Oscar 'Best Actors'
pecheneg
F. Scott Fitzgerald Novels
LTH
Pick 3 Villains
ddd62291
Trending Topics
Anime
Crossword
Kpop
Disney
Marvel
NBA
Harry Potter
Puzzle
Song
NFL
Pokémon
Soccer
WWE
The Office
Country
Your Account Isn't Verified!
In order to create a playlist on Sporcle, you need to verify the email address you used during registration. Go to your
Sporcle Settings
to finish the process.
Report this User
Report this user for behavior that violates our
Community Guidelines
.
Details:
Send Report
Go to the Sporcle.com Mobile Site →
Comments